| 000 | 00758cam a22002413a 4500 | ||
|---|---|---|---|
| 001 | 12980 | ||
| 003 | PGUSA | ||
| 005 | 20140828083300.0 | ||
| 008 | 040722s2004||||xxu|||||s|||||000 1 eng d | ||
| 040 |
_aPGUSA _beng |
||
| 042 | _adc | ||
| 050 | 4 | _aPZ | |
| 100 | 1 |
_aPatchin, Frank Gee, _d1861-1925 |
|
| 245 | 1 | 4 |
_aThe Pony Rider Boys with the Texas Rangers; Or, On the Trail of the Border Bandits _h[electronic resource] / _cFrank Gee Patchin |
| 260 |
_bProject Gutenberg, _c2004 |
||
| 506 | _aPublic domain in the USA. | ||
| 516 | _aElectronic text | ||
| 653 | _aHorsemanship -- Juvenile fiction | ||
| 653 | _aTexas Rangers -- Juvenile fiction | ||
| 830 | 0 |
_aProject Gutenberg _v12980 |
|
| 856 | 4 | 0 | _uhttp://www.gutenberg.org/ebooks/12980 |
| 942 | _cEB | ||
| 999 |
_c242235 _d242235 |
||